|
|
|
|
| LEADER |
00979nam a2200253 a 4500 |
| 001 |
3564088 |
| 008 |
110519s1999 inua 001 0 eng d |
| 010 |
|
|
|a 98084686
|
| 020 |
|
|
|a 8176351903
|
| 020 |
|
|
|a 1571691545 (pbk.)
|
| 040 |
|
|
|a OCo
|c OCo
|d DLC
|d BD-DhAAL.
|
| 082 |
0 |
0 |
|a 005.2/768
|2 21
|
| 245 |
0 |
4 |
|a The Waite Group's Visual Basic 6 client/server how-to /
|c Noel Jerke ... [et al.]
|
| 246 |
3 |
0 |
|a Visual Basic 6 client/server how-to
|
| 260 |
|
|
|a Indianapolis, Ind. :
|b Sams Publishing ;
|a New Delhi :
|b Techmedia,
|c c1999.
|
| 300 |
|
|
|a vii, 1019 p. :
|b ill. ;
|c 24 cm.
|
| 500 |
|
|
|a Includes index.
|
| 541 |
|
|
|e 00012128
|
| 630 |
0 |
0 |
|a Microsoft Visual BASIC.
|
| 650 |
|
0 |
|a BASIC (Computer program language).
|
| 700 |
1 |
|
|a Jerke, Noel.
|
| 852 |
4 |
|
|a Ayesha Abed Library
|j General shelf
|
| 999 |
|
|
|c 10884
|d 10884
|
| 952 |
|
|
|0 0
|1 0
|2 ddc
|4 0
|6 005_276800000000000_WAI
|7 0
|9 16607
|a BRACUL
|b BRACUL
|c GEN
|d 2011-05-22
|g 477.00
|l 0
|o 005.2768 WAI
|p 3010012128
|r 2011-05-22
|t 1
|w 2011-05-22
|y BK
|x RS-399.00
|